<?xml version="1.0" encoding="UTF-8"?>
<marc:record xmlns:marc="http://www.loc.gov/MARC21/slim">
   <marc:leader>00000nam a2200000 a 4500</marc:leader>
   <marc:datafield ind1="1" ind2=" " tag="100">
      <marc:subfield code="a">Havaii, Kai</marc:subfield>
      <marc:subfield code="4">aut</marc:subfield>
      <marc:subfield code="e">Verfasser/-in</marc:subfield>
   </marc:datafield>
   <marc:datafield ind1="0" ind2="0" tag="245">
      <marc:subfield code="a">Rubicon</marc:subfield>
   </marc:datafield>
   <marc:datafield ind1="0" ind2="0" tag="245">
      <marc:subfield code="b">Thriller</marc:subfield>
   </marc:datafield>
   <marc:datafield ind1="0" ind2="0" tag="245">
      <marc:subfield code="c">Kai Havaii</marc:subfield>
   </marc:datafield>
   <marc:datafield ind1=" " ind2="1" tag="264">
      <marc:subfield code="a">Berlin</marc:subfield>
      <marc:subfield code="b">Rütten &amp; Loening</marc:subfield>
      <marc:subfield code="c">2019</marc:subfield>
   </marc:datafield>
   <marc:datafield ind1=" " ind2=" " tag="250">
      <marc:subfield code="a">1. Auflage</marc:subfield>
   </marc:datafield>
   <marc:datafield ind1="1" ind2=" " tag="520">
      <marc:subfield code="a">Angaben aus der Verlagsmeldung

Rubicon : Thriller / von Kai Havaii

Wenn du zu weit gehst – und eine Umkehr tödlich wäre

In Afghanistan hat Carl Overbeck war der beste Scharfschütze seiner Einheit, doch nachdem ein Einsatz vollkommen schieflief und sein bester Freund zum Krüppel geschossen wurde, kehrt er desillusioniert nach Deutschland zurück. Eigentlich will er nur in Ruhe und Frieden leben, doch seine Ehe scheitert. Seine Frau zieht sich mit ihrer kleinen Tochter von ihm zurück. Und Carl braucht dringend Geld. Da meldet sich ein alter Schulfreund von ihm. Ob Carl ihm helfen könne – er müsse nur einen Job erledigen – genau wie in Afghanistan. In Italien mache ein Mann ihm und seinen Leuten Scherereien. Jemand müsse ihn aus dem Weg räumen – ein geübter Scharfschütze. Carl willigt ein – und damit gibt er sein Leben aus der Hand. Bis er Roberta kennenlernt, die als Journalistin über Mafiamorde recherchiert. Carl tut etwas, von dem er weiß, dass er es niemals tun sollte: Er verliebt sich.

Ein packender Thriller über einen Mann, der zum Auftragsmörder wird
Der erste Roman von Kai Havaii, dem Sänger der Band Extrabreit
</marc:subfield>
   </marc:datafield>
   <marc:datafield ind1=" " ind2=" " tag="020">
      <marc:subfield code="a">9783352009389</marc:subfield>
      <marc:subfield code="9">9783352009389</marc:subfield>
   </marc:datafield>
   <marc:datafield ind1=" " ind2=" " tag="020">
      <marc:subfield code="a">3352009384</marc:subfield>
      <marc:subfield code="9">3352009384</marc:subfield>
   </marc:datafield>
   <marc:datafield ind1=" " ind2=" " tag="300">
      <marc:subfield code="a">572 Seiten</marc:subfield>
   </marc:datafield>
</marc:record>
